| 000 | 00415nam a2200169 a 4500 | ||
|---|---|---|---|
| 001 | 1276 | ||
| 005 | 20140414131923.0 | ||
| 008 | 041220s19uu xx 00 eng d | ||
| 050 |
_aER _bT41 |
||
| 245 | _aThree Little pigs, The. | ||
| 260 |
_aTokyo : _bForebel-kan. |
||
| 300 | _a1 v. p. : ill. ; cm. | ||
| 650 |
_aPigs _xFiction. |
||
| 650 |
_aHouses _xFiction. |
||
| 650 | _aChildren stories. | ||
| 999 |
_c111854 _d111854 |
||